The Penguin dictionary of saints = Penguin diccionario de santos /

Guardat en:
Dades bibliogràfiques
Autor principal: Attwater, Donald, 1892-1977
Format: Desconegut
Idioma:English
Publicat: Baltimore : Penguin Books, [fecha de publicación no identificada].
Matèries:
Etiquetes: Afegir etiqueta
Sense etiquetes, Sigues el primer a etiquetar aquest registre!

MARC

LEADER 000000000a22000000004500
001 011578
041 0 |a eng 
082 0 4 |a 270   |b A886d 
100 1 |a Attwater, Donald,   |d 1892-1977. 
245 1 4 |a The Penguin dictionary of saints =   |b Penguin diccionario de santos /   |c Donald Attwater. 
246 3 1 |a Penguin diccionario de santos 
260 1 |a Baltimore :   |b Penguin Books,   |c [fecha de publicación no identificada]. 
300 |a 362 páginas 
500 |a Colección George Yúdice 
650 4 |a SANTOS CRISTIANOS 
650 4 |a BIOGRAFIA 
650 4 |a DICCIONARIOS 
999 |c 17613  |d 17613 
942 |c BK  |h 270 A886d  |2 z